Представление документа в формате MARC21

Поле Инд. ПП Название Значение
Тип записи a
Библиографический уровень a
001 Контрольный номер a53f0bd6965e47f18b653cfede52afc1
005 Дата корректировки 20260423084826.1
020 a ISBN 978-5-907919-723
040 a Служба первич. каталог. НБ ТвГУ
b Код языка каталог. rus
e Правила каталог. PSBO
041 0_ a Код языка текста rus
097 b Оператор Komarova.ES
100 1_ a Автор Галечьян Валерий Абгарович
q Полное имя Галечьян В. А.
245 10 a Заглавие Дневниковая прозопоэзия
260 a Место издания Москва
b Издательство Московский союз литераторов
504 a Библиография Библиогр. в подстроч. примеч.
520 0_ a Аннотация Прозопоэзия представляет собой соединение в художественном целом поэзии и прозы путём их взаимопроникновения. Особый её жанр ? дневниковая прозопоэзия характеризуется в ходе разбора книги Бориса Колымагина «Гибрид» в сопоставлении с повестью «Дневник эфемерной жизни» Митицуны-но хаха.
653 0_ a Ключевые слова Проза
a Ключевые слова Поэзия
a Ключевые слова Повесть
a Ключевые слова Художественная поэзия
a Ключевые слова Китайский роман
773 18 w Контрольный № источника b6c41c0621c24b1a8844e5348daa290e
t Название источника IV международная научно-практическая конференция "Русский язык и литература в современном мире: как сохранить национальный культурный код"
d Место и дата издания Москва : Московский союз литераторов, 2026
g Прочая информация С. 86-96
901 t Тип документа a
920 a Оператор Кома
954 b Дата поступления в ОК 20260423